000 00897nas a2200289 4500
001 BR7800532
003 BR-BrBNA
005 20231205083312.0
007 ta
008 230509b bl.|||p| |||| 00| 00por d
040 _aBR-BrBNA
_bpor
_cBiblioteca Nacional de Agricultura
041 _a(Pt)
072 _aH20
100 1 _aSugimori, M.H.
100 1 _aRibeiro, I.J.A.
100 1 _aSoave, J.
100 1 _aParadela Filho, O.
100 1 _aCarvalho, A.M.
245 1 _aComportamento de diversas especies e variedades de mamoeiro (Carica spp)inoculadas com Pseudomonas carica-papayae Robbs [bacteriose]
650 _aMAMAO
650 _aBACTERIOSE
650 _aINOCULACAO
650 _aVARIEDADE RESISTENTE
773 0 _tFitopatologia Brasileira (Brazil)
_xISSN 0100-4158
_g(Feb 1977), v. 2(1) p. 104
_wBR7800532
909 _a202311
_bLúcia
_c55
_dLúcia Elande
942 _2AGRIS
_n0
_cANA
999 _c97844
_d97844